LDR 01087naa#a2200253#i#450# 001 EN\\bibl\116874 005 20260430015948.4 011 ## _a2076-0655 100 ## _a20251227b2025####ek#y0engy0150####ca 101 0# _aRUS 102 ## _aRU 200 1# _aTHE INFLUENCE OF GYPSUM DIHYDRATE AND PLASTICIZING ADDITIVES ON THE PROPERTIES OF SULFOALUMINATE CEMENTS _eJournal article 210 1# _aMoscow _cIndividual Entrepreneur Svetlana Vasilievna Samchenko _d2025 215 ## _a9 с. 606 ## _aХимическая технология. 18.06.01 _2local 608 ## _aJournal article _2local 675 ## _aбыстротвердеющие. 666.942.31 _zRUS 686 ## _aСтроительные материалы и изделия. 383 _2bbk 686 ## _aПрочие издания. 546 _2tbk 686 ## _aТехнология производства силикатных и тугоплавких неметаллических материалов. 61.35 _2grnti 700 #1 _aNaing Myint _gThet 700 #1 _aPaing Aung _gHtet 700 #1 _aKrivoborodov _gYuri Romanovich 856 4# _atsilicates.ru _u